000 00652 a2200169 4500
001 142217
040 _cLeonardo Da Vinci
041 _aPortuguês
082 _a981.65 D349l
_bD349l
100 _aDECÓ, Ermínio Dall'Agnol
245 _aLinha Palmeiro
_bmicrorregião de colonização italiana; Bento Gonçalves e Farroupilha - RS
260 _bEscola Profissional La Salle
_c1994
_aRio Grande do Sul
300 _a239
362 _a19940000
697 _aHistória
_aImigração italiana
_aImigrantes
_aRio Grande do Sul
_aManifestação cultural
_aManifestação religiosa
_aTradição
_aCostumes
_aFarroupilha
_aDialetos
_aCantigas
_aBrasil
942 _cBK
999 _c142217
_d142217